Научное и технологическое развитие комплексных мелиораций (Запись № 13687480)

Подробности
000 -МАРКЕР
контрольное поле 02275nam0a2200373 4500
001 - ИДЕНТИФИКАТОР ЗАПИСИ
контрольное поле RU\NLR\BIBL_A\022694701
005 - ИДЕНТИФИКАТОР ВЕРСИИ
контрольное поле 20260420061907.0
010 ## - МЕЖДУНАРОДНЫЙ СТАНДАРТНЫЙ НОМЕР КНИГИ (ISBN)
Номер (ISBN) 978-5-907464-30-8
Тираж 500
021 ## - НОМЕР ГОСУДАРСТВЕННОЙ РЕГИСТРАЦИИ
Код страны российская федерация
Номер КН-П-25-067635
Номер Листа государственной регистраци КН-П-25-6545
035 ## - ДРУГИЕ СИСТЕМНЫЕ НОМЕРА
Идентификатор записи (NLR Aleph) 022694701
100 ## - ДАННЫЕ ОБЩЕЙ ОБРАБОТКИ
Данные общей обработки 20251224d2025 k y0rusy50 ca
101 0# - ЯЗЫК РЕСУРСА
Язык текста, звукозаписи и т.д. русский
102 ## - СТРАНА ПУБЛИКАЦИИ ИЛИ ПРОИЗВОДСТВА
Страна публикации российская федерация
105 ## - ПОЛЕ КОДИРОВАННЫХ ДАННЫХ: ТЕКСТОВЫЕ МАТЕРИАЛЫ, МОНОГРАФИЧЕСКИЕ
Кодированные данные о монографическом текстовом документе a z 000yy
181 #0 - ПОЛЕ КОДИРОВАННЫХ ДАННЫХ: ВИД СОДЕРЖАНИЯ
Код вида содержания (ISBD) i
Код характеристики содержания (ISBD) axxe
182 #0 - ПОЛЕ КОДИРОВАННЫХ ДАННЫХ: ТИП СРЕДСТВА
Код типа средства (ISBD) n - непосредственное
200 1# - ЗАГЛАВИЕ И СВЕДЕНИЯ ОБ ОТВЕТСТВЕННОСТИ
Основное заглавие Научное и технологическое развитие комплексных мелиораций
Сведения, относящиеся к заглавию монография
Первые сведения об ответственности Л. В. Кирейчева, Д. А. Рогачев, В. М. Яшин [и др.]
Последующие сведения об ответственности под редакцией доктора технических наук, профессора Л. В. Кирейчевой
-- Министерство науки и высшего образования Российской Федерации, Федеральное государственное бюджетное научное учреждение "Федеральный научный центр гидротехники и мелиорации имени А. К. Костякова" (ФГБНУ "ФНЦ ВНИИГиМ им. А. Н. Костякова")
203 ## - ВИД СОДЕРЖАНИЯ И ТИП СРЕДСТВА
Вид содержания Текст
Дополнительные сведения об издании визуальный
Тип средства непосредственный
210 ## - ПУБЛИКАЦИЯ, РАСПРОСТРАНЕНИЕ И ДР.
Место издания, распространения и т.д. Москва
Имя издателя, распространителя и т. д. Изд-во ФНЦ ВНИИГиМ им. А. Н. Костякова
Дата издания, распространения и т.д. 2025
215 ## - ФИЗИЧЕСКАЯ ХАРАКТЕРИСТИКА
Специфическое обозначение материала и объем 230 с.
Другие сведения о физической характеристике ил., цв. ил., табл.
300 ## - ОБЩИЕ ПРИМЕЧАНИЯ
Текст примечания Авт. указаны на обороте тит. с.
320 ## - ПРИМЕЧАНИЯ О НАЛИЧИИ В ДОКУМЕНТЕ БИБЛИОГРАФИИ / УКАЗАТЕЛЯ
Текст примечания Библиогр.: с. 206–229
606 1# - НАИМЕНОВАНИЕ ТЕМЫ КАК ПРЕДМЕТ
Наименование темы Мелиорация комплексная
Системный номер авторитетной/нормативной записи 1405690
Идентификатор авторитетной/нормативной записи RU\NLR\AUTH\66591924
686 1# - ИНДЕКСЫ ДРУГИХ КЛАССИФИКАЦИЙ
Индекс П06
701 #1 - ИМЯ ЛИЦА - АЛЬТЕРНАТИВНАЯ ОТВЕТСТВЕННОСТЬ
Начальный элемент ввода Кирейчева
Часть имени, кроме начального элемента ввода Л. В.
Расширение инициалов личного имени Людмила Владимировна
701 #1 - ИМЯ ЛИЦА - АЛЬТЕРНАТИВНАЯ ОТВЕТСТВЕННОСТЬ
Начальный элемент ввода Рогачев
Часть имени, кроме начального элемента ввода Д. А.
Расширение инициалов личного имени Дмитрий Алексеевич
701 #1 - ИМЯ ЛИЦА - АЛЬТЕРНАТИВНАЯ ОТВЕТСТВЕННОСТЬ
Начальный элемент ввода Яшин
Часть имени, кроме начального элемента ввода В.М.
Расширение инициалов личного имени Валерий Михайлович
712 02 - НАИМЕНОВАНИЕ ОРГАНИЗАЦИИ - ВТОРИЧНАЯ ОТВЕТСТВЕННОСТЬ
Код отношения Издающая организация
Начальный элемент ввода Федеральный научный центр гидротехники и мелиорации им. А. Н. Костякова
Идентифицирующий признак Москва
Системный номер авторитетной/нормативной записи 873290
Идентификатор авторитетной/нормативной записи RU\NLR\AUTH\880601439
942 ## - ДОПОЛНИТЕЛЬНЫЕ ЭЛЕМЕНТЫ ЗАПИСИ (АБИС)
Тип экземпляра АБИС Книга
980 ## - КОЛЛЕКЦИЯ
Название коллекции Национальная библиография

Нет доступных экземпляров.